कृष्ण तत्व की वैज्ञानिकता : वेद विज्ञानं माला (Record no. 31715)

MARC details
000 -LEADER
fixed length control field 00425nam a22001337a 4500
003 - CONTROL NUMBER IDENTIFIER
control field SGT
020 ## - INTERNATIONAL STANDARD BOOK NUMBER
International Standard Book Number 9788190807166
082 ## - DEWEY DECIMAL CLASSIFICATION NUMBER
Classification number 200
Item number K11K
100 ## - MAIN ENTRY--PERSONAL NAME
Personal name कोठरी, गुलाब
245 ## - TITLE STATEMENT
Title कृष्ण तत्व की वैज्ञानिकता : वेद विज्ञानं माला
260 ## - PUBLICATION, DISTRIBUTION, ETC. (IMPRINT)
Name of publisher, distributor, etc ओझा वैदिक अध्ययन
Year of Publication 2011
300 ## - PAGE DESCRIPTION
No. of Pages 527
942 ## - ADDED ENTRY ELEMENTS (KOHA)
Source of classification or shelving scheme Dewey Decimal Classification
Koha item type Books
Holdings
Withdrawn status Lost status Source of classification or shelving scheme Damaged status Not for loan Home library Current library Shelving location Date acquired SGTU Total Checkouts Full call number Accession No. (Barcode) Date last seen Bill Date Koha item type
    Dewey Decimal Classification   Not For Loan SGT Chancellor's Library SGT Chancellor's Library Reference Book 02/07/2025 SGTU   200 K11K CH3699 02/07/2025 02/07/2025 Books
    Dewey Decimal Classification   Not For Loan SGT Chancellor's Library SGT Chancellor's Library Reference Book 02/07/2025 SGTU   200 K11K CH3700 02/07/2025 02/07/2025 Books